Villes accueillant le plus de touristes internationaux - Statistiques

Statistiques générales
  • Ce quiz a été pris 863 fois
  • Le résultat moyen est 50 sur 100
Réponses sur la Carte
Les réponses sont colorées sur une échelle allant du rouge au vert en fonction du pourcentage des utilisateurs qui les ont devinées à leur premier essai. Vous pouvez retrouver ces pourcentages ci-dessous.
 
Statistiques - réponses
Visiteurs Ville % Correct
17 560 200 Paris
99%
19 233 000 Londres
94%
13 600 000 New York
94%
5 440 100 Madrid
93%
6 714 500 Barcelone
91%
3 539 400 Lisbonne
89%
10 065 400 Rome
89%
5 959 400 Berlin
88%
7 500 000 Los Angeles
88%
9 985 100 Tokyo
87%
5 510 000 Moscou
85%
5 213 400 Dublin
84%
8 354 200 Amsterdam
81%
3 942 000 Bruxelles
81%
2 278 300 Rio de Janeiro
81%
4 002 400 Pékin
80%
6 481 300 Milan
79%
4 090 600 Sydney
79%
2 466 800 Nice
78%
12 645 300 Delhi
77%
8 121 300 Miami
77%
2 341 300 Porto
77%
5 728 400 Athènes
76%
15 920 700 Dubaï
76%
13 433 000 Istanbul
76%
8 431 400 Séoul
75%
5 754 500 Le Caire
73%
5 502 500 Venise
73%
2 685 700 Buenos Aires
72%
2 838 100 Marrakech
72%
6 591 300 Las Vegas
70%
6 410 300 Vienne
70%
2 732 000 Varsovie
69%
4 066 600 Munich
68%
8 948 600 Prague
67%
7 483 500 Shanghai
67%
3 996 000 Saint-Pétersbourg
66%
2 901 000 San Francisco
66%
10 590 100 Mumbai
65%
29 262 700 Hong Kong
64%
2 535 400 Lima
64%
2 604 600 Stockholm
64%
24 177 500 Bangkok
63%
3 822 800 Budapest
63%
3 930 000 Jérusalem
63%
18 551 200 Singapour
63%
3 069 700 Copenhague
60%
4 510 300 Toronto
58%
4 033 000 Jakarta
57%
3 294 200 Kyoto
56%
5 059 900 Florence
55%
4 120 800 Johannesburg
55%
3 212 100 Vancouver
55%
2 889 000 Melbourne
53%
2 636 000 Francfort-sur-le-Main
51%
2 777 000 Tel Aviv
51%
2 850 000 Cracovie
50%
7 861 500 Osaka
49%
9 565 200 La Mecque
48%
5 267 500 Riyad
48%
2 402 800 Abou Dabi
47%
6 041 000 Cancun
47%
4 687 000 Hanoï
44%
13 434 300 Kuala Lumpur
44%
9 597 800 Taipei
44%
9 004 800 Canton
43%
5 553 600 Orlando
40%
2 798 900 Auckland
39%
2 826 500 Calcutta
37%
7 200 000 Hô Chi Minh-Ville
34%
2 737 300 Honolulu
34%
8 547 200 Médine
27%
12 438 800 Antalya
26%
18 931 400 Macao
25%
12 202 100 Shenzhen
25%
10 550 700 Phuket
24%
3 371 800 Héraklion
22%
2 239 200 Bangalore
21%
6 422 800 Chennai
18%
9 606 400 Pattaya
15%
6 383 400 Jaipur
14%
2 337 700 Rhodes
14%
8 138 200 Agra
10%
3 196 000 Chiang Mai
8%
2 436 900 Fukuoka
8%
2 349 200 Jeju
8%
7 185 600 Denpasar
7%
2 735 700 Hurghada
7%
2 805 100 Cebu
5%
2 505 000 Da Nang
5%
5 294 800 Ha Long
5%
6 396 000 Johor Bahru
5%
3 498 900 Dammam
4%
2 683 900 Chiba
3%
2 492 600 Batam
2%
2 747 000 Guilin
2%
2 255 300 Krabi
2%
2 723 800 Mugla
2%
3 437 100 Penang
2%
3 259 700 Zhuhai
2%
Aucun quiz correspondant
Distribution des résultats
% des personnes avec chaque résultat
Percentile par nombre de réponses
Votre historique - résultats
Vous n’avez pas pris ce quiz